000 01315cam a22003014i 4500
001 13739
003 CO-MdFUSB
005 20241119175627.0
008 180213t2005 xxu||||| |||| 00| 0 spa d
020 _a0-311-04371-2
040 _aCO-MdFUSB
_bspa
_cCO-MdFUSB
_dCO-MdFUSBC
_erda
041 0 _aspa
082 0 4 _aG 226.8
_223
_bF8976j
100 1 _aFricke S., Roberto
_eautor
245 1 4 _aLas parábolas de Jesús
_b : una aplicación para hoy
_c / Roberto Fricke S.
264 1 _aEl Paso, TX. :
_bMundo Hispano,
_c ℗[2005]
264 4 _a©2005
300 _a280 páginas ;
_c21 cm
336 _2rdacontent
_atexto
_btxt
337 _2rdamedia
_asin mediación
_bn
338 _2rdacarrier
_avolumen
_bnc
505 _a- La venida del Reino - La crisis del Reino - La gracia del Reino - Los súbditos del Reino - Apéndice: Historia de la interpretación de las parábolas, Disciplinas críticas neotestamentarias influyentes en la interpretación de las parábolas - Temas central de las parábolas: el Reino de Dios - El liberalismo protestante del siglo XIX y la búsqueda del Jesús histórico - Las parábolas y la teología de la liberación latinoamericana
563 _aTapa rústica
630 0 7 _aBiblia.
_pNuevo Testamento
653 _aParábolas bíblicas
942 _cBK
945 _aJTF-925
999 _c42684
_d42684